20 joueurs du Real Madrid par images - Statistiques

Statistiques générales
  • Ce quiz a été pris 194 fois
  • Le résultat moyen est 17 sur 20
Statistiques - réponses
Par images Réponse % Correct
Cristiano Ronaldo
99%
Sergio Ramos
98%
Eduardo Camavinga
94%
Luka Modrić
94%
Raphaël Varane
94%
Eden Hazard
93%
Zinédine Zidane
93%
Mesut Özil
92%
Pepe
91%
Dani Carvajal
88%
Rodrygo
88%
David Beckham
86%
Roberto Carlos
86%
Trent Alexander-Arnold
86%
Martin Ødegaard
79%
Álvaro Morata
78%
Alfredo Di Stéfano
68%
Chicharito
62%
Fábio Coentrão
54%
Clarence Seedorf
52%
Aucun quiz correspondant
Distribution des résultats
% des personnes avec chaque résultat
Percentile par nombre de réponses
Votre historique - résultats
Vous n’avez pas pris ce quiz